000 00574nam a2200241Ia 4500
005 20260306145552.0
008 008 260114s9999 xx 000 0 eng d
020 _a9780231521918
037 _aEbook
040 _aCRL
040 _beng
040 _cCRL
041 _2eng
041 _aeng
084 _qCRL
245 0 _aBuddhist Philosophy of Language in India
260 _bColumbia University Press
260 _c2010
650 _aPhilosophy
856 _uhttps://www.degruyter.com/isbn/9780231521918
942 _cEBOOK
999 _c1689156
_d1689156